000 05337nam a22004097a 4500
008 110728s1985 sz|||||d|||| 00| 0 ara d
082 _222
_a031
_bم و س
245 _aالموسوعة /
_cنقولا ناهض
260 _aجينيف :
_bترادكسيم، 1985
_c1985
300 _a21 مج :
_bأيض لو ؛
_c30 سم
500 _aعربية عالمية مصورة بالألوان
505 _aمج1،
_tتاريخ - فكر - فن - شئون المجتمع - رياضة - جغرافيا - بيولوجيا - جسم الانسان - علم الحيوان - علم النبات - رياضيات - علم الفلك - كيمياء- تكنولوجيا - شخصيات من التاريخ
505 _tتاريخ - فكر - فن - شئون المجتمع - رياضة - جغرافيا - بيولوجيا - جسم الانسان - علم الحيوان - علم النبات - رياضيات - علم الفلك - كيمياء- تكنولوجيا - شخصيات من التاريخ
700 _926494
_aناهض ، نقولا
942 _2ddc
_cREFERENCE
999 _c15762
_d15762